| 000 | 00578nam a2200181Ia 4500 | ||
|---|---|---|---|
| 008 | 151018s9999 xx 000 0 und d | ||
| 082 |
_bRBASDV35997 _a910.2 |
||
| 100 | _aशिरीष कणेकर | ||
| 245 | _aडॉलरच्या देशात | ||
| 250 | _b1 | ||
| 260 |
_bलिटरेट वर्ड _c2002 |
||
| 300 | _a179 | ||
| 600 | _aशिरीष कणेकर | ||
| 630 | _aडॉलरच्या देशात | ||
| 700 | _aशिरीष कणेकर | ||
| 730 | _aडॉलरच्या देशात | ||
| 942 | _cBOOK | ||
| 999 |
_c1035464 _d1035461 |
||